[Event "BCF-ch"]
[Site "Portsmouth"]
[Date "1976.08.17"]
[Round "8"]
[White "Neat, Kenneth P"]
[Black "Goodman, David SC"]
[Result "0-1"]
[WhiteElo "2315"]
[BlackElo "2230"]

1.d4 g6 2.c4 Bg7 3.Nc3 d6 4.e4 Nf6 5.Be2 O-O 6.Nf3 e5 7.O-O Nc6 8.d5 Ne7
9.Bd2 c5 10.dxc6 bxc6 11.Bg5 Qc7 12.Qa4 Be6 13.Rfd1 h6 14.Bxf6 Bxf6 15.Rd2 a6
16.Rad1 Rfd8 17.Qa3 c5 18.Nd5 Nxd5 19.cxd5 Bd7 20.Bc4 Qb7 21.Qd3 h5 22.Rc1 Bg7
23.Rc3 Bh6 24.Re2 a5 25.Rb3 Qc7 26.Bb5 a4 27.Rc3 Bxb5 28.Qxb5 Rdb8 29.Qd3 Ra7
30.g3 Qa5 31.Nd2 Bxd2 32.Rxd2 Rb4 33.Qf3 Rab7 34.Rcc2 Rd4 35.Rxd4 Qe1+ 36.Kg2 exd4
37.Re2 Qd1  0-1

[Event "BCF-ch"]
[Site "Portsmouth"]
[Date "1976.08.20"]
[Round "11"]
[White "Pigott, John C"]
[Black "Goodman, David SC"]
[Result "1/2-1/2"]
[WhiteElo "2380"]
[BlackElo "2230"]

1.c4 g6 2.Nc3 Bg7 3.d4 d6 4.e4 Nf6 5.Be2 O-O 6.Nf3 e5 7.O-O Nc6 8.d5 Ne7
9.Ne1 Nd7 10.Nd3 f5 11.Bd2 Nf6 12.f3 f4 13.Rc1 g5 14.c5 Ng6 15.cxd6 cxd6
16.Nb5 g4 17.Nc7 gxf3 18.gxf3 Bh3 19.Nxa8 Nxe4 20.fxe4 Qg5+ 21.Kf2 Qh4+ 22.Kg1 Qg5+
23.Kf2 Qh4+  1/2-1/2

[Event "Tungsram"]
[Site "Budapest"]
[Date "1976.??.??"]
[Round "?"]
[White "Jansa, Vlastimil"]
[Black "Pinter, Jozsef"]
[Result "1/2-1/2"]
[WhiteElo "2490"]
[BlackElo "2420"]

1.Nf3 Nf6 2.c4 g6 3.Nc3 Bg7 4.e4 d6 5.d4 O-O 6.Be2 e5 7.O-O Nc6 8.d5 Ne7
9.Nd2 c5 10.dxc6 bxc6 11.b4 Ne8 12.a4 f5 13.b5 c5 14.Nb3 Nc7 15.Bf3 f4 16.Bg4 Ne6
17.Bxe6+ Bxe6 18.Qd3 Qc7 19.Rd1 Rad8 20.Bd2 Rd7 21.Rdc1 h5 22.Nd5 Nxd5 23.cxd5 Bf7
24.Na5 g5 25.Nc6 Bg6 26.f3 Bf6 27.a5 g4 28.Rcb1 Qc8 29.a6 Bd8 30.Ba5 Bb6
31.Kh1 Rg7 32.Bxb6 axb6 33.Rb2 Qc7 34.Qe2 Bh7 35.Qe1 g3 36.h3 Ra8 37.Kg1 Ra7
38.Kf1 h4 39.Ke2 Bg6 40.Kd3 Be8  1/2-1/2

[Event "HUN-ch"]
[Site "Budapest"]
[Date "1976.??.??"]
[Round "10"]
[White "Petran, Pal"]
[Black "Portisch, Ferenc"]
[Result "1/2-1/2"]
[WhiteElo "2415"]
[BlackElo "2425"]

1.d4 Nf6 2.c4 g6 3.Nc3 Bg7 4.e4 d6 5.Be2 O-O 6.Nf3 e5 7.O-O Nc6 8.d5 Ne7
9.Ne1 Nd7 10.Nd3 f5 11.Bd2 fxe4 12.Nxe4 Nf5 13.Bc3 Nf6 14.Bf3 Nh4 15.Nxf6+ Qxf6
16.Be4 Bf5 17.Qe2 Qg5 18.Bd2 Qe7 19.f3 g5 20.g3 Ng6 21.Nf2 Rf7 22.Qd3 Raf8
23.Qe3 h6 24.b4 b6 25.a4 Bxe4 26.Nxe4 Qd7 27.Qe2 Ne7 28.b5 Nf5 29.Bc3 a5
30.Qd3 Nd4 31.Bxd4 exd4 32.Kg2 Qf5 33.Rae1 Be5 34.Qb1 h5 35.Nd2 Qf6 36.Qe4 h4
37.Qg4 Rg7 38.Ne4 Qg6 39.Re2 Rf5 40.Nf2 Kf7 41.Qe4 Rh7 42.Rd1 Rf6 43.Qxg6+ Kxg6
44.Rd3 Rhf7 45.Re4 hxg3 46.hxg3 Rf8 47.Re1 Rh8 48.Rdd1 Rf7 49.Rh1 Rfh7 50.Rxh7 Rxh7
51.Re1 Kf5 52.Nd3 Rh8 53.g4+ Kf6 54.Rh1 Re8 55.Kf2 Kg6 56.Re1 Kf6 57.Kg2  1/2-1/2

[Event "ARG-ch"]
[Site "Buenos Aires"]
[Date "1976.??.??"]
[Round "7"]
[White "Anelli, Antonio"]
[Black "Bronstein, Luis"]
[Result "1/2-1/2"]
[WhiteElo "2245"]
[BlackElo "2380"]

1.d4 Nf6 2.c4 g6 3.Nc3 Bg7 4.e4 d6 5.Nf3 O-O 6.Be2 e5 7.O-O Nc6 8.d5 Ne7
9.Ne1 Ne8 10.Nd3 f5 11.f4 Nf6 12.fxe5 Nxe4 13.Nxe4 fxe4 14.Rxf8+ Qxf8 15.exd6 Bd4+
16.Kh1 cxd6 17.Nf4 Qf6 18.g4 Bd7 19.Nh3 e3 20.Qd3 Qe5 21.Ng1 Qf4 22.Nh3 Qe5
23.Ng1 Bb6 24.Nf3 Qf4 25.Ne1 Rf8 26.Ng2 Qe5 27.Bxe3 Qxb2 28.Rf1 Rxf1+ 29.Bxf1 Qa1
30.Kg1 Qe5 31.Bxb6 axb6 32.h3 b5 33.Qe3 Qxe3+ 34.Nxe3 bxc4 35.Nxc4  1/2-1/2

[Event "DDR-ch 25th"]
[Site "Groeditz"]
[Date "1976.??.??"]
[Round "10"]
[White "Baumbach, Friedrich"]
[Black "Uhlmann, Wolfgang"]
[Result "1/2-1/2"]
[WhiteElo "2370"]
[BlackElo "2560"]

1.d4 Nf6 2.c4 g6 3.Nc3 Bg7 4.e4 d6 5.Nf3 O-O 6.Be2 e5 7.O-O Nc6 8.d5 Ne7
9.Ne1 Nd7 10.Nd3 f5 11.exf5 Nxf5 12.f3 a6 13.Nf2 Qh4 14.Nfe4 Bh6 15.g3 Qe7
16.Bxh6 Nxh6 17.Qd2 Nf5 18.b4 Nf6 19.c5 Nd4 20.Kg2 Bf5 21.cxd6 cxd6 22.Bd3 Nxe4
23.Bxe4 Rac8 24.Rac1 Rc4 25.Ne2 Rfc8 26.Nxd4 Rxd4 27.Rxc8+ Bxc8 28.Qc2 Bd7
29.a3 b5 30.Rd1 Rc4 31.Qd2 Qd8 32.h4 Qc8 33.Qg5 Bf5 34.h5 Kf7 35.hxg6+ hxg6
36.Qh6 Qf8 37.Qg5 Ke8 38.Rc1 Qf7 39.Rh1 Kd7 40.Rh8 Rc8 41.Qh6 Rxh8 42.Qxh8 Bxe4
43.fxe4 g5 44.Qa8 Qg6 45.Qc6+  1/2-1/2

[Event "DDR-ch 25th"]
[Site "Groeditz"]
[Date "1976.??.??"]
[Round "14"]
[White "Moehring, Guenther"]
[Black "Paehtz, Thomas Sr"]
[Result "1-0"]
[WhiteElo "2350"]
[BlackElo "2295"]

1.d4 g6 2.c4 Bg7 3.Nc3 d6 4.e4 Nf6 5.Nf3 O-O 6.Be2 e5 7.O-O Nc6 8.d5 Ne7
9.Ne1 Ne8 10.f3 f5 11.g4 Nf6 12.Nd3 c6 13.Be3 b5 14.g5 Nh5 15.dxc6 Nxc6 16.cxb5 f4
17.bxc6 Bh3 18.Kh1 Bxf1 19.Qxf1 fxe3 20.Nd5 Kh8 21.b4 Qxg5 22.b5 Qd8 23.a4 g5
24.Qh3 Nf4 25.N3xf4 exf4 26.c7 Qe8 27.Rc1 Bb2 28.Rc2 Bd4 29.a5 Rg8 30.Qg4 h5
31.Qf5 g4 32.Qxf4 Qe6 33.Qg3 gxf3 34.Qxf3 Rg5 35.Rc1 Rag8 36.Nf4 Qd7 37.b6 axb6
38.axb6 Bxb6 39.Nh3 Rc5 40.Rxc5 Bxc5 41.Ng5 Kg7 42.Qxh5 Rh8 43.c8=Q  1-0

[Event "Haifa ol (Men)"]
[Site "Haifa"]
[Date "1976.??.??"]
[Round "?"]
[White "Keene, Raymond D"]
[Black "Quinteros, Miguel A"]
[Result "1/2-1/2"]
[WhiteElo "2460"]
[BlackElo "2540"]

1.d4 g6 2.e4 Bg7 3.c4 d6 4.Nc3 Nf6 5.Be2 O-O 6.Nf3 e5 7.O-O Nc6 8.d5 Ne7
9.Nd2 c5 10.dxc6 bxc6 11.b4 d5 12.Ba3 a6 13.Re1 Be6 14.Bf1 Re8 15.Nb3 dxe4
16.Nxe4 Nxe4 17.Rxe4 Nf5 18.Nc5 Bc8 19.Re1 Nd4 20.Rc1 Bf5 21.Ne4 Bh6 22.Rb1 Bxe4
23.Rxe4 f5 24.Re1 Bd2 25.Bb2 Bxe1 26.Qxe1 a5 27.c5 axb4 28.Bc4+ Kf8 29.f4 Qe7
30.Kh1 Qxc5 31.Rc1 Qe7 32.fxe5 c5 33.e6 Qf6 34.Qe3 Re7 35.Bd5 Ra5 36.Qf4 Kg7
37.Qd6  1/2-1/2

[Event "DSV-Turnier"]
[Site "Halle"]
[Date "1976.??.??"]
[Round "?"]
[White "Balashov, Yuri S"]
[Black "Rodriguez, Amador"]
[Result "1-0"]
[WhiteElo "2545"]
[BlackElo "2405"]

1.d4 Nf6 2.c4 g6 3.Nc3 Bg7 4.e4 d6 5.Nf3 O-O 6.Be2 e5 7.O-O Nc6 8.d5 Ne7
9.Nd2 c5 10.dxc6 bxc6 11.b4 Ne8 12.Nb3 f5 13.b5 Be6 14.Ba3 c5 15.Qd2 Qc7
16.Rfd1 Kh8 17.Bb2 Rd8 18.a4 Nf6 19.Nd5 Nexd5 20.exd5 Bc8 21.Na5 Rde8 22.Nc6 Rf7
23.Qa5 Qd7 24.Nb8 Qb7 25.Nc6 Qd7 26.Qd2 f4 27.a5 Qc7 28.f3 g5 29.Bc3 Qd7
30.a6 g4 31.b6 axb6 32.Re1 gxf3 33.Bxf3 Qc7 34.Qb2 e4 35.a7 Bb7 36.Bxe4 Nxe4
37.Rxe4 Rg8 38.Bxg7+ Rfxg7 39.Re7 Qc8 40.Rxg7 Rxg7 41.Ne7  1-0

[Event "Kallithea"]
[Site "Kallithea"]
[Date "1976.??.??"]
[Round "2"]
[White "Dimitrijevic, Milorad"]
[Black "Skalkotas, Nikolaos"]
[Result "0-1"]
[WhiteElo "2425"]
[BlackElo "2260"]

1.Nf3 Nf6 2.c4 g6 3.Nc3 Bg7 4.e4 d6 5.d4 O-O 6.Be2 e5 7.O-O Nc6 8.d5 Ne7
9.Nd2 c5 10.dxc6 bxc6 11.b4 Ne8 12.Nb3 Nc7 13.Be3 f5 14.f3 f4 15.Bf2 g5 16.Qd2 Rf6
17.b5 Qe8 18.c5 d5 19.bxc6 d4 20.Bc4+ Be6 21.Bxe6+ Rxe6 22.Ne2 Nxc6 23.Rab1 Bf8
24.Rfc1 a5 25.a4 Na6 26.Qd3 Nab4 27.Qc4 Kh8 28.Be1 h5 29.h3 g4 30.Bh4 Rg6
31.hxg4 hxg4 32.Kf2 d3 33.Rh1 Kg7 34.Nc3 g3+ 35.Ke1 Nc2+ 36.Kd2 Na3 37.Qxd3 Nb4
38.Qf1 Qd7+ 39.Nd5 Nxd5 40.exd5 Qxd5+ 41.Qd3 Nxb1+ 42.Rxb1 Qxd3+ 43.Kxd3 Rh6
44.Rh1 Kf7 45.Ke4 Ke6 46.c6 Bd6 47.c7 Rc8 48.Nxa5 Rxc7 49.Nb3 Rc4+ 50.Kd3 Rxa4
51.Nd2 Rd4+ 52.Ke2 Rxd2+ 53.Kxd2 Be7 54.Kd3 Rxh4 55.Rxh4 Bxh4 56.Ke4 Be7
57.Kd3 Kd5 58.Ke2 e4 59.fxe4+ Kxe4 60.Kf1 Bc5  0-1

[Event "Kringsja"]
[Site "Oslo"]
[Date "1976.??.??"]
[Round "3"]
[White "Ogaard, Leif"]
[Black "Moen, Ole Christian"]
[Result "1/2-1/2"]
[WhiteElo "2490"]
[BlackElo "2210"]

1.d4 Nf6 2.c4 g6 3.Nc3 Bg7 4.e4 d6 5.Be2 O-O 6.Nf3 e5 7.O-O Nc6 8.d5 Ne7
9.Nd2 Ne8 10.b4 f5 11.c5 Nf6 12.f3 f4 13.a4 g5 14.Ba3 Ng6 15.Nc4 Rf7 16.b5 Bf8
17.a5 b6 18.axb6 axb6 19.cxb6 cxb6 20.Na2 g4 21.Nb4 Nxe4 22.fxe4 Qh4 23.Nd2 Bh6
24.Nd3 f3 25.Nxf3 Be3+ 26.Kh1 gxf3 27.Bxf3 Bg4 28.Bxd6 Rxa1 29.Qxa1 Bxf3
30.gxf3 Qh3 31.Qd1 Nh4 32.Qe2 Nxf3 33.Rxf3 Rxf3 34.Qg2+ Qxg2+ 35.Kxg2 Rf7
36.Bxe5 Ra7 37.Kf3 Bh6 38.Nb4 Ra3+ 39.Kg4 Ra4 40.Bc3 Bf8 41.Nc6  1/2-1/2

[Event "BCF-ch"]
[Site "Brighton"]
[Date "1977.08.16"]
[Round "8"]
[White "Cafferty, Bernard"]
[Black "Botterill, George Steven"]
[Result "1/2-1/2"]
[WhiteElo "2290"]
[BlackElo "2350"]

1.Nf3 g6 2.e4 Bg7 3.d4 d6 4.c4 Nf6 5.Nc3 O-O 6.Be2 e5 7.O-O Nc6 8.d5 Ne7
9.Bd2 Nh5 10.g3 f5 11.exf5 Nxf5 12.Bd3 Nf6 13.Ng5 h6 14.Ne6 Bxe6 15.dxe6 c6
16.f4 exf4 17.Rxf4 Qe7 18.Qe2 Nh7 19.Bxf5 gxf5 20.Raf1 Rae8 21.Rxf5 Rxf5
22.Rxf5 Qxe6 23.Qxe6+ Rxe6 24.Kf1 Nf6 25.h3 Nd7 26.b3 Nc5 27.Rf3 a6 28.g4 b5
29.cxb5 axb5 30.Ne2 Ne4 31.Be1 d5 32.Ng3 Ng5 33.Rf5 Nxh3 34.Bd2 Rg6 35.Kg2 Ng5
36.Bxg5 Rxg5 37.Rxg5 hxg5 38.Nf5 Bf6 39.a4 bxa4 40.bxa4 Bd8 41.Nd4 c5 42.Nc6 Bc7
43.Ne7+ Kf7 44.Nxd5 Bd8 45.Kf3 Ke6 46.Ke4 Kd6 47.Ne3  1/2-1/2

[Event "IBM-B"]
[Site "Amsterdam"]
[Date "1977.??.??"]
[Round "1"]
[White "Ftacnik, Lubomir"]
[Black "Ligterink, Gert"]
[Result "1-0"]
[WhiteElo "2360"]
[BlackElo "2430"]

1.c4 g6 2.d4 Bg7 3.Nc3 d6 4.e4 Nf6 5.Be2 O-O 6.Nf3 e5 7.O-O Nc6 8.d5 Ne7
9.Ne1 Nd7 10.Nd3 f5 11.Bd2 Nf6 12.f3 f4 13.c5 g5 14.Rc1 Ng6 15.cxd6 cxd6
16.Nb5 Rf7 17.Qc2 Ne8 18.a4 h5 19.Nf2 Bd7 20.h3 Bf8 21.Qb3 Rg7 22.Rc2 a6
23.Na3 Nf6 24.Rfc1 g4 25.fxg4 hxg4 26.hxg4 Nh4 27.Rc7 Be7 28.Be1 Qf8 29.Qxb7 Rb8
30.Qxa6 Ra8 31.Ra7 Rxa7 32.Qxa7 Bxg4 33.Nxg4 Nxg4 34.Qd7 f3 35.Rc8 Nf6 36.Rxf8+ Kxf8
37.Qc8+  1-0

[Event "IBM-B"]
[Site "Amsterdam"]
[Date "1977.??.??"]
[Round "4"]
[White "Ftacnik, Lubomir"]
[Black "Egmond, Peter"]
[Result "1-0"]
[WhiteElo "2360"]
[BlackElo "2200"]

1.c4 g6 2.Nc3 Bg7 3.d4 Nf6 4.e4 d6 5.Be2 O-O 6.Nf3 e5 7.O-O Nc6 8.d5 Ne7
9.Ne1 Nd7 10.Nd3 f5 11.Bd2 c5 12.f4 exf4 13.Bxf4 Bxc3 14.bxc3 fxe4 15.Ne1 Nf6
16.g4 Kg7 17.Ng2 Neg8 18.h4 Qe7 19.Ne3 Bd7 20.Qe1 Be8 21.Qg3 Rd8 22.Rf2 Kh8
23.Raf1 h6 24.g5 hxg5 25.Bxg5 Qg7 26.Bxf6 Rxf6 27.Rxf6 Nxf6 28.Qg5  1-0

[Event "Bad Lauterberg"]
[Site "Bad Lauterberg"]
[Date "1977.??.??"]
[Round "11"]
[White "Keene, Raymond D"]
[Black "Liberzon, Vladimir M"]
[Result "1/2-1/2"]
[WhiteElo "2510"]
[BlackElo "2550"]

1.c4 Nf6 2.Nc3 g6 3.e4 d6 4.d4 Bg7 5.Be2 O-O 6.Nf3 e5 7.O-O Nc6 8.d5 Ne7
9.Nd2 c5 10.Rb1 Ne8 11.b4 b6 12.bxc5 bxc5 13.Qa4 Bd7 14.Qa6 Bc8 15.Qa4 Bd7
16.Qa6 Bc8  1/2-1/2

[Event "Biel"]
[Site "Biel"]
[Date "1977.??.??"]
[Round "12"]
[White "Robatsch, Karl"]
[Black "Torre, Eugenio"]
[Result "1/2-1/2"]
[WhiteElo "2435"]
[BlackElo "2550"]

1.c4 g6 2.e4 Bg7 3.d4 d6 4.Nc3 Nf6 5.Be2 e5 6.Nf3 O-O 7.O-O Nc6 8.d5 Ne7
9.Bd2 Ne8 10.Rc1 h6 11.Ne1 c5 12.Nd3 f5 13.f3 Nf6 14.Rb1 g5 15.b4 b6 16.bxc5 bxc5
17.Nf2 f4 18.Qa4 h5 19.Nb5 Qd7 20.Qa5 Ne8 21.Bd1 Ng6 22.Nc3 Qe7 23.Qb5 Nf6
24.h3 Rf7 25.Qc6 Bb7 26.Qa4 Bf8 27.Rb2 Bc8 28.Qc6 Bb7 29.Qa4 Bc8 30.Qc6  1/2-1/2

[Event "HUN-ch"]
[Site "Budapest"]
[Date "1977.??.??"]
[Round "?"]
[White "Portisch, Ferenc"]
[Black "Farago, Ivan"]
[Result "1/2-1/2"]
[WhiteElo "2425"]
[BlackElo "2500"]

1.d4 Nf6 2.c4 g6 3.Nc3 Bg7 4.e4 d6 5.Nf3 O-O 6.Be2 e5 7.O-O Nc6 8.d5 Ne7
9.Nd2 c5 10.Rb1 Ne8 11.b4 b6 12.a4 f5 13.a5 Nf6 14.bxc5 bxc5 15.Qa4 Bd7 16.Qa3 Rb8
17.f3 Kh8  1/2-1/2

[Event "HUN-ch"]
[Site "Budapest"]
[Date "1977.??.??"]
[Round "?"]
[White "Orso, Miklos"]
[Black "Perenyi, Bela"]
[Result "1-0"]
[WhiteElo "2200"]
[BlackElo "2270"]

1.d4 Nf6 2.c4 g6 3.Nc3 Bg7 4.e4 d6 5.Be2 O-O 6.Nf3 e5 7.O-O Nc6 8.d5 Ne7
9.Ne1 Nd7 10.Nd3 f5 11.f3 f4 12.Bd2 g5 13.Rc1 Ng6 14.a4 Rf7 15.c5 Nf6 16.cxd6 cxd6
17.Nf2 h5 18.Nb5 a6 19.Na3 g4 20.fxg4 hxg4 21.Rc3 Bf8 22.a5 b5 23.axb6 Qxb6
24.Nc4 Qd4 25.Be1 g3 26.hxg3 Nxe4 27.Qxd4 exd4 28.Nxe4 dxc3 29.Bxc3 Re7 30.Nf6+ Kh8
31.Bd3 Ne5 32.Nxe5 dxe5 33.gxf4 Rb7 34.fxe5 Bc5+ 35.Kh2 Kg7 36.e6 Bd6+ 37.Kh3  1-0

[Event "SVK-ch"]
[Site "Detva"]
[Date "1977.??.??"]
[Round "12"]
[White "Harasta, Vladimir"]
[Black "Duriga, Stefan"]
[Result "0-1"]
[WhiteElo "2180"]
[BlackElo "2230"]

1.c4 g6 2.d4 Bg7 3.e4 d6 4.Nc3 Nf6 5.Nf3 O-O 6.Be2 e5 7.O-O Nc6 8.d5 Ne7
9.Nd2 Ne8 10.b4 f5 11.c5 Bh6 12.Nc4 Bxc1 13.Rxc1 f4 14.b5 b6 15.cxd6 cxd6
16.a4 Kh8 17.a5 Nf6 18.Qa4 Rb8 19.Qa3 Ne8 20.Na2 g5 21.Nb4 g4 22.Rfd1 f3
23.Bf1 fxg2 24.Bxg2 bxa5 25.Nc6 Nxc6 26.dxc6 Rxb5 27.Nxd6 Nxd6 28.Rxd6 Qe7
29.Rcd1 a4 30.Bf1 Rb3 31.Qxa4 Rbf3 32.R6d2 g3 33.hxg3 Qc5 34.Qc2 Rxg3+ 35.Bg2 Rxg2+
36.Kxg2 Rg8+ 37.Kh1 Qf8 38.f4 Qxf4 39.Rg2 Qf3 40.Qe2 Bg4 41.Qxf3 Bxf3 42.Rd2 Bxe4
43.Kh2 Bxg2 44.Rxg2 Rc8 45.Re2 Rxc6 46.Rxe5 Rc7 47.Kg3 Rf7 48.Ra5 Kg7 49.Kg4 Kf8
50.Kg5 Ke8 51.Kh6 Kd8 52.Ra1 Kc8 53.Rc1+ Rc7 54.Ra1 Kb7 55.Rb1+ Ka8 56.Ra1 Rd7
57.Ra2 Kb7 58.Rb2+ Ka6 59.Ra2+ Kb5 60.Rb2+ Ka4 61.Ra2+ Kb4 62.Ra6 Kb5 63.Ra1 a5
64.Rb1+  0-1

[Event "Wch U20"]
[Site "Groningen"]
[Date "1977.??.??"]
[Round "?"]
[White "Helmers, Knut J"]
[Black "Popovic, Petar"]
[Result "0-1"]
[WhiteElo "2305"]
[BlackElo "2385"]

1.d4 Nf6 2.c4 g6 3.Nc3 Bg7 4.e4 d6 5.Be2 O-O 6.Nf3 e5 7.O-O Nc6 8.d5 Ne7
9.Nd2 c5 10.Rb1 Ne8 11.b4 b6 12.bxc5 bxc5 13.Nb3 f5 14.Bd2 Nf6 15.f3 Nh5
16.g3 Nf6 17.Nc1 h5 18.Nd3 Kh8 19.Qc2 Neg8 20.Nf2 h4 21.Kg2 Nh6 22.Rbe1 Nh5
23.exf5 gxf5 24.f4 hxg3 25.hxg3 Nxg3 26.Kxg3 exf4+ 27.Bxf4 Be5 28.Qd2 Rg8+
29.Kf3 Qh4 30.Rg1 Qh5+ 31.Ke3 Bxf4+ 32.Kxf4 Qh2+ 33.Kf3 Ng4 34.Rh1 Ne5+ 35.Ke3 Rg3+
36.Bf3 Rxf3+  0-1

[Event "Wch U20"]
[Site "Groningen"]
[Date "1977.??.??"]
[Round "3"]
[White "Ftacnik, Lubomir"]
[Black "Georgiev, Krum"]
[Result "1-0"]
[WhiteElo "2360"]
[BlackElo "2390"]

1.c4 Nf6 2.Nc3 g6 3.e4 d6 4.d4 Bg7 5.Be2 O-O 6.Nf3 e5 7.O-O Nc6 8.d5 Ne7
9.Bd2 Ne8 10.Rc1 f5 11.Ng5 h6 12.Ne6 Bxe6 13.dxe6 Qc8 14.Qb3 c6 15.f4 exf4
16.Bxf4 g5 17.Bg3 f4 18.Bf2 Qxe6 19.Qxb7 Nf6 20.c5 d5 21.exd5 Nexd5 22.Nxd5 Nxd5
23.Bc4 Rab8 24.Rce1 Qxe1 25.Qxc6 Qe7 26.Re1 Qd8 27.b3 Kh8 28.Bxd5 g4 29.Re6 Qg5
30.Rg6 Qh5 31.Rxg7 g3 32.Rg8+  1-0

[Event "Toth mem"]
[Site "Kecskemet"]
[Date "1977.??.??"]
[Round "?"]
[White "Barczay, Laszlo"]
[Black "Hazai, Laszlo"]
[Result "1/2-1/2"]
[WhiteElo "2470"]
[BlackElo "2440"]

1.d4 Nf6 2.c4 g6 3.Nc3 Bg7 4.e4 d6 5.Nf3 O-O 6.Be2 e5 7.O-O Nc6 8.d5 Ne7
9.Ne1 Nd7 10.Nd3 f5 11.exf5 gxf5 12.f4 Ng6 13.fxe5 Ndxe5 14.Nf4 Nxf4 15.Bxf4  1/2-1/2

[Event "Toth mem"]
[Site "Kecskemet"]
[Date "1977.??.??"]
[Round "?"]
[White "Lukacs, Peter"]
[Black "Farago, Ivan"]
[Result "1/2-1/2"]
[WhiteElo "2450"]
[BlackElo "2500"]

1.c4 Nf6 2.Nc3 g6 3.e4 d6 4.d4 Bg7 5.Nf3 O-O 6.Be2 e5 7.O-O Nc6 8.d5 Ne7
9.Nd2 c5 10.Rb1 a5 11.a3 Ne8 12.b4 axb4 13.axb4 b6 14.bxc5 bxc5 15.Qc2 Nc7
16.Bb2 Qd7 17.Ra1  1/2-1/2

[Event "DSV-Turnier"]
[Site "Leipzig"]
[Date "1977.??.??"]
[Round "3"]
[White "Smejkal, Jan"]
[Black "Fischer, Joan"]
[Result "1-0"]
[WhiteElo "2575"]
[BlackElo "2420"]

1.c4 Nf6 2.Nc3 g6 3.Nf3 Bg7 4.e4 d6 5.d4 O-O 6.Be2 e5 7.O-O Nc6 8.d5 Ne7
9.Nd2 Ne8 10.b4 a5 11.bxa5 Rxa5 12.a4 f5 13.Ba3 Kh8 14.c5 fxe4 15.Nc4 Ra8
16.Nxe4 Nf5 17.Rb1 Rf7 18.Re1 Qh4 19.Bf1 Nd4 20.cxd6 Bg4 21.Qd3 cxd6 22.Nexd6 Nxd6
23.Nxd6 Rf3 24.Re3 Rff8 25.Rxb7 Rxa4 26.Qc3 Ra6 27.Qc7  1-0

[Event "Lone Pine"]
[Site "Lone Pine"]
[Date "1977.??.??"]
[Round "2"]
[White "Olafsson, Helgi"]
[Black "McCambridge, Vincent"]
[Result "1-0"]
[WhiteElo "2385"]
[BlackElo "2200"]

1.c4 Nf6 2.Nc3 g6 3.e4 d6 4.d4 Bg7 5.Be2 O-O 6.Nf3 e5 7.O-O Nc6 8.d5 Ne7
9.Nd2 Nd7 10.b4 f5 11.c5 Nf6 12.f3 Bh6 13.Nc4 Bxc1 14.Rxc1 a6 15.a4 Rb8 16.a5 Nh5
17.b5 dxc5 18.Nxe5 Qd6 19.Nc4 Qd8 20.b6 cxb6 21.axb6 Nf4 22.Qd2 Nxe2+ 23.Qxe2 Bd7
24.Rb1 Be8 25.Rfd1 Bf7 26.e5 Nxd5 27.Nxd5 Bxd5 28.Ne3  1-0

[Event "Lone Pine"]
[Site "Lone Pine"]
[Date "1977.??.??"]
[Round "7"]
[White "Diesen, Mark C"]
[Black "Day, Lawrence A"]
[Result "1-0"]
[WhiteElo "2360"]
[BlackElo "2355"]

1.Nf3 Nf6 2.c4 g6 3.Nc3 Bg7 4.e4 d6 5.d4 O-O 6.Be2 e5 7.O-O Nc6 8.d5 Ne7
9.b4 Nh5 10.c5 Nf4 11.Bxf4 exf4 12.Rc1 h6 13.h3 g5 14.a4 Ng6 15.a5 Re8 16.Nd2 Ne5
17.cxd6 cxd6 18.Nb5 Re7 19.Qc2 a6 20.Nd4 g4 21.hxg4 Nxg4 22.Ne6 Bxe6 23.dxe6 Ne5
24.exf7+ Rxf7 25.Bc4 Nxc4 26.Qxc4 Qf6 27.Nf3 Kh8 28.Rfd1 Re7 29.Qd3 Rae8
30.Rc4 Bf8 31.Rdc1 Kg8 32.Rd4 Rg7 33.Kf1 Be7 34.Rc7 Qg6 35.Ne1 Qh5 36.Qh3 Qb5+
37.Nd3 Bf6 38.Rd5 Qa4 39.Rc1 Bg5 40.Qf3 Rge7 41.Qh5 Qb3 42.f3 Rf8 43.Qg6+ Kh8
44.Qxd6 Rff7 45.Rxg5 hxg5 46.Qh6+  1-0

[Event "Lone Pine"]
[Site "Lone Pine"]
[Date "1977.??.??"]
[Round "7"]
[White "Olafsson, Helgi"]
[Black "Meyer, E."]
[Result "0-1"]
[WhiteElo "2385"]
[BlackElo "2345"]

1.c4 g6 2.Nc3 Bg7 3.d4 Nf6 4.e4 O-O 5.Nf3 d6 6.Be2 e5 7.O-O Nc6 8.d5 Ne7
9.Nd2 Ne8 10.b4 f5 11.c5 f4 12.a4 g5 13.Ba3 Ng6 14.a5 Nh4 15.b5 g4 16.g3 f3
17.Bd3 Ng2 18.Kh1 Qg5 19.Rg1 Qh5 20.Nf1 Rf6 21.c6 Bh6 22.Ra2 Ng7 23.Qb1 Qh3
24.b6 cxb6 25.axb6 a6 26.Bb4 Nh5 27.Bxa6 Bf4 28.Nb5 Rxa6 29.Rxa6 Bxg3 30.fxg3 Nxg3+
31.Nxg3 Rh6 32.Nf1 g3  0-1

[Event "Lone Pine"]
[Site "Lone Pine"]
[Date "1977.??.??"]
[Round "7"]
[White "Denker, Arnold S"]
[Black "Goodman, David SC"]
[Result "1/2-1/2"]
[WhiteElo "2335"]
[BlackElo "2340"]

1.d4 g6 2.c4 Bg7 3.Nc3 d6 4.Nf3 Nf6 5.e4 O-O 6.Be2 e5 7.O-O Nc6 8.d5 Ne7
9.Nd2 c5 10.a3 Ne8 11.b4 b6 12.bxc5 bxc5 13.Rb1 f5 14.f3 Bh6 15.Nb3 Bxc1
16.Qxc1 f4 17.Qd2 g5 18.Nd1 a5 19.Nf2 Ng6 20.Rb2 h5 21.Rfb1 Nf6 22.Qd1 Rf7
23.Nd2 Ra6 24.Rb8 Nd7 25.R8b5 Rg7 26.Qe1 a4 27.R1b2 Kh7 28.Nf1 Nh4 29.h3 Nf6
30.Nh2 Ng6 31.Qb1 Nd7 32.Qe1 Nh8 33.Nd1 Nf7 34.Nc3 Nh6 35.Nd1 Nf6 36.Rb8 Nd7
37.R8b5 Ra8 38.Nf2 Qc7 39.Rb1 Ra6 40.R1b2 Ra7 41.Rb1 Qd8 42.R5b2 Rg6 43.Qd1 Nf6
44.Rb8 Nd7 45.R8b2 Rg8 46.Rb5 Rg6 47.R5b2 Qg8 48.Rb5 Qf8  1/2-1/2

[Event "Marshall CC"]
[Site "New York"]
[Date "1977.??.??"]
[Round "?"]
[White "Lein, Anatoly"]
[Black "Zuckerman, Bernard"]
[Result "1-0"]
[WhiteElo "2525"]
[BlackElo "2450"]

1.d4 Nf6 2.Nf3 g6 3.c4 Bg7 4.Nc3 O-O 5.e4 d6 6.Be2 e5 7.O-O Nc6 8.d5 Ne7
9.b4 Nh5 10.c5 Nf4 11.Bxf4 exf4 12.Rc1 h6 13.Qc2 g5 14.Rfd1 Ng6 15.h3 Ne5
16.Nb5 a6 17.Nbd4 Bd7 18.a4 b6 19.cxd6 Nxf3+ 20.Bxf3 Bxd4 21.Rxd4 cxd6 22.Rc4 Bxa4
23.Qc3 Bd7 24.Bg4 Bxg4 25.hxg4 Re8 26.f3 a5 27.b5 Ra7 28.Rc6 Ra8 29.Qa3 a4
30.Qxd6 Qxd6 31.Rxd6 Reb8 32.Rxh6 a3 33.Ra1 Ra5 34.Rc6 a2 35.Kf2 Kg7 36.Ke2 Ra3
37.Kd2 Rh8 38.Rc3 Ra5 39.Kd3 Rha8 40.Rc2 Kf6 41.Kd4 Ra4+ 42.Rc4 Rxc4+ 43.Kxc4 Ke5
44.Kb3 Ra5 45.Rxa2 Rxb5+ 46.Kc3 Rb1 47.Ra7 Kf6 48.Rb7 Rc1+ 49.Kd4 Rd1+ 50.Kc4 Rb1
51.Rb8 Rb2 52.Re8 Rxg2 53.d6 Rd2 54.Kb5 Rd3 55.Kc6 Rc3+ 56.Kxb6 Rxf3 57.e5+ Kg6
58.d7 Rd3 59.d8=Q Rxd8 60.Rxd8  1-0

[Event "Rimavska Sobota"]
[Site "Rimavska Sobota"]
[Date "1977.??.??"]
[Round "10"]
[White "Kluger, Gyula"]
[Black "Szymczak, Zbigniew"]
[Result "1-0"]
[WhiteElo "2370"]
[BlackElo "2390"]

1.d4 g6 2.c4 Bg7 3.Nf3 d6 4.e4 Nf6 5.Nc3 O-O 6.Be2 e5 7.O-O Nc6 8.d5 Ne7
9.b4 Nh5 10.g3 f5 11.Ng5 Nf6 12.f3 c6 13.Qb3 h6 14.Ne6 Bxe6 15.dxe6 Qc8 16.b5 Qxe6
17.a4 c5 18.Ra2 Rf7 19.Qd1 Raf8 20.Kg2 h5 21.h3 Kh7 22.g4 hxg4 23.hxg4 Kg8
24.Be3 f4 25.Bd2 Bh6 26.Be1 Bg5 27.Rd2 Ne8 28.Rh1 Rh7 29.Rxh7 Kxh7 30.Bf1 Rh8
31.Kg1 Kg7 32.Rh2 Rxh2 33.Kxh2 Qg8 34.Kg1 Qh7 35.Nd5 Ng8 36.a5 Bh4 37.Bc3 Bg3
38.Bg2 Qh4 39.b6 axb6 40.axb6 Bf2+ 41.Kf1 Bd4 42.Bxd4 cxd4 43.Qa4 Qd8 44.g5 Kf8
45.Bh3 Ne7 46.Qd7 Qxd7 47.Bxd7 Ng7 48.Nc7 Nh5 49.Nb5 Ng3+ 50.Ke1 d3 51.Nxd6 Ne2
52.Nxb7 Nd4 53.Na5 Nxf3+ 54.Kd1  1-0

[Event "Stary Smokovec"]
[Site "Stary Smokovec"]
[Date "1977.??.??"]
[Round "1"]
[White "Moehring, Guenther"]
[Black "Sznapik, Aleksander"]
[Result "1/2-1/2"]
[WhiteElo "2405"]
[BlackElo "2405"]

1.d4 Nf6 2.c4 g6 3.Nc3 Bg7 4.e4 d6 5.Nf3 O-O 6.Be2 e5 7.O-O Nc6 8.Be3 Re8
9.dxe5 Nxe5 10.Nxe5 Rxe5 11.f4 Re8 12.Bf3 Bd7 13.e5 dxe5 14.fxe5 Rxe5 15.Bd4 Rf5
16.Bxb7 Rxf1+ 17.Kxf1 Rb8 18.Bf3 Ng4 19.Bg1 Ne5 20.b3 Qh4 21.Qe2 Nxf3 22.Qxf3 Bg4
23.Bf2 Qh5 24.Qe3 Qxh2 25.Re1 Qh1+ 26.Bg1 c5 27.Nb5 Bf5 28.Qg3 Rd8 29.Qh2 Qxh2
30.Bxh2 a6 31.Nd6 Bd3+ 32.Kf2 Bd4+ 33.Kf3 Bf6 34.Rd1 Bc2 35.Rc1 Bd3 36.Rd1 Bf5
37.Rd5 Be6 38.Rxc5 Be7 39.Rc6 a5 40.Ra6 h5 41.c5 Bd5+ 42.Kf2 Ra8 43.Rxa8+ Bxa8
44.a3 Bf6 45.Bf4 Bd4+ 46.Be3 Bxe3+ 47.Kxe3 Bxg2 48.b4 axb4 49.axb4 Kf8 50.b5 Ke7
51.b6 Kd7 52.Nxf7 Kc6 53.Ne5+  1/2-1/2

[Event "Stary Smokovec"]
[Site "Stary Smokovec"]
[Date "1977.??.??"]
[Round "2"]
[White "Cvetkovic, Srdjan"]
[Black "Plachetka, Jan"]
[Result "1-0"]
[WhiteElo "2455"]
[BlackElo "2395"]

1.Nf3 Nf6 2.c4 g6 3.Nc3 Bg7 4.e4 O-O 5.d4 d6 6.Be2 e5 7.O-O Nc6 8.d5 Ne7
9.Ne1 Nd7 10.Nd3 f5 11.Bd2 Nf6 12.f3 c5 13.g4 fxg4 14.fxg4 h6 15.h4 Bd7 16.g5 hxg5
17.hxg5 Nh7 18.Rxf8+ Bxf8 19.Bg4 Nf5 20.exf5 gxf5 21.g6 Ng5 22.Bxf5 Bxf5
23.Qh5 Bxd3 24.Bxg5 Qd7 25.Rd1 e4 26.Rxd3 exd3 27.Ne4  1-0

[Event "Telechess ol1 7778"]
[Site "telex"]
[Date "1977.??.??"]
[Round "?"]
[White "Niklasson, Christer"]
[Black "Ligterink, Gert"]
[Result "1/2-1/2"]
[WhiteElo "2380"]
[BlackElo "2430"]

1.d4 Nf6 2.c4 g6 3.Nc3 Bg7 4.e4 d6 5.Nf3 O-O 6.Be2 e5 7.O-O Nc6 8.d5 Ne7
9.Nd2 a5 10.a3 Bd7 11.b3 Nc8 12.Rb1 Nb6 13.b4 axb4 14.axb4 Na4 15.Qc2 Nxc3
16.Qxc3 Bh6 17.Bb2 Bxd2 18.Qxd2 Nxe4 19.Qe3 f5 20.f4 exf4 21.Rxf4 Nf6 22.Qd4 Qe7
23.Bd3 Rae8 24.Rf3 h5 25.Rbf1 Kh7 26.h3 Rf7 27.g4 Ne4 28.Re3 Ref8 29.gxh5 gxh5
30.Rxe4 fxe4 31.Bxe4+ Bf5 32.Rxf5 Rxf5 33.Kh2 Kh6 34.Bc1+ Kh7 35.Bb2 Kh6
36.Bc1+ Rf4 37.Bxf4+ Rxf4 38.Qh8+ Kg5 39.Qg8+ Kf6 40.Qg6+ Ke5  1/2-1/2